000 00886 a2200265 4500
001 49
005 20260407155405.0
008 260407a2008 arg spa d
003 AR-UNSa-BCEJYS
040 _aAR-UNSa-BCEJYS
_bspa
_cAR-UNSa-BCEJYS
080 _a347(094.4)
_xCódigo Civil
245 1 0 _aCódigo Civil de la República Argentina
020 _a978-987-01-0747-7
250 _a7a. ed.
264 1 _aBuenos Aires :
_bErrepar
_c2008
300 _a1335 p.
_c21 cm.
041 _aspa
942 _cBK
590 _aniveau_biblio:m niveau_hierar:0
100 1 _aParada, Ricardo Antonio
700 1 _aArgentina [Código Civil]
700 1 _aErrecaborde, José Daniel
700 1 _aCañada, Francisco Roberto
856 4 1 _uhttps://biblioeco.unsa.edu.ar/pmb/images/libros/C?digo Civil de la Rep?blica Argentina Argentina (C?digo Civil) (2008)2.jpg
_yImagen de portada
_qimage/jpeg
999 _c40
_d40